| 000 | 00553nam a22001577a 4500 | ||
|---|---|---|---|
| 999 |
_c11834 _d11834 |
||
| 008 | 190108b ||||| |||| 00| 0 eng d | ||
| 020 | _a978-971-0328-26-04 | ||
| 082 |
_22017 _aDRef 423.99211 _bN42 |
||
| 245 | _aThe New Filipino-Filipino with English dictionary with built-in thesaurus | ||
| 250 | _aLatest Edition | ||
| 260 |
_aPampanga: _bChildren Press & Binding Corporation, _c©2017 |
||
| 300 |
_axi, [946] pages: _bcolor illustrations; _c28 cm. |
||
| 650 |
_aFilipino language _933689 _xDictionaries |
||
| 365 |
_b8,990.00 _cPhp |
||
| 942 |
_2ddc _cDREF |
||